000 00415nam a2200109Ia 4500
008 160909s9999 xx 000 0 und d
100 _aMiranda, Karla L.
245 _aSupporting women in Orange County, California who experienced pregnancy loss: A grant proposal
260 _bCalifornia State University, Long Beach.
_c2016
650 _aNursing
856 _uhttp://pqdtopen.proquest.com/doc/1767782378.html?FMT=ABS
999 _c303916
_d303916